[Event "Buenos Aires 9 July op 5th"]
[Site "Buenos Aires"]
[Date "2023.05.26"]
[Round "3"]
[White "Schnaider, Ilan"]
[Black "Tempone, Marcelo"]
[Result "1/2-1/2"]
[WhiteElo "2218"]
[BlackElo "2401"]
[PlyCount "46"]
[EventDate "2023.05.25"]
[EventType "swiss"]
[EventRounds "7"]
[EventCountry "ARG"]
[SourceTitle "CBM 214 Extra"]
[Source "ChessBase"]
[SourceDate "2023.07.31"]
[SourceVersion "1"]
[SourceVersionDate "2023.07.31"]
[SourceQuality "1"]

1. e4 d6 2. d4 Nf6 3. Nc3 e5 4. dxe5 dxe5 5. Qxd8+ Kxd8 6. Bc4 Ke8 7. f3 a6 8. Nd5 Nxd5 9. Bxd5 Nd7 10. a4 a5 11. Be3 c6 12. Bc4 Bc5 13. Kf2 Ke7 14. Ne2 f6 15. Rhd1 Bxe3+ 16. Kxe3 Nc5 17. Nc1 Nxa4 18. Rxa4 b5 19. Ra2 bxc4 20. Ne2 Be6 21. Nc3 Ra7 22. Rda1 Rha8 23. Na4 Bf7 1/2-1/2

[Event "Pan American-ch Seniors 50"]
[Site "Florianopolis"]
[Date "2022.06.24"]
[Round "6"]
[White "Tempone, Marcelo"]
[Black "Lima, Darcy Gustavo Macha"]
[Result "1-0"]
[WhiteElo "2409"]
[BlackElo "2464"]
[PlyCount "169"]
[EventDate "2022.06.21"]
[EventType "swiss"]
[EventRounds "9"]
[EventCountry "BRA"]
[SourceTitle "CBM 209 Extra"]
[Source "ChessBase"]
[SourceDate "2022.09.30"]
[SourceVersion "1"]
[SourceVersionDate "2022.09.30"]
[SourceQuality "1"]

1. Nf3 Nf6 2. c4 e6 3. g3 d5 4. Bg2 c5 5. cxd5 Nxd5 6. 0-0 Nc6 7. d4 Be7 8. dxc5 Bxc5 9. Qc2 Be7 10. Rd1 Bd7 11. e4 Nb6 12. Nc3 0-0 13. Bf4 Rc8 14. Qe2 Qe8 15. h4 Na5 16. Ne5 Ba4 17. Nxa4 Qxa4 18. b3 Qe8 19. Rac1 Rxc1 20. Rxc1 Ba3 21. Rc2 f6 22. Bd2 fxe5 23. Bxa5 Qe7 24. Qb5 Qd6 25. Rd2 Qc7 26. Bh3 Kf7 27. Kg2 Ke7 28. Qe2 Rf6 29. Rc2 Qd8 30. Bd2 h6 31. Be3 Nd7 32. Qb5 b6 33. Rd2 Qc7 34. b4 a5 35. bxa5 bxa5 36. Qa4 Bb4 37. Rc2 Qd6 38. a3 Bc5 39. Bxc5 Nxc5 40. Qxa5 Nd7 41. Bg4 Rf8 42. Rd2 Qc6 43. Qb4+ Nc5 44. Kg1 Kf7 45. Rc2 Rc8 46. Rc4 Qd6 47. Qc3 Ke7 48. Qc2 Rc7 49. a4 Kd8 50. Be2 Kc8 51. Kg2 Kb8 52. a5 Ka7 53. Qc3 Rc8 54. Qb4 Rc6 55. Qb5 Rc7 56. Rc1 Rc6 57. Rc2 Rc7 58. Rc4 Rc6 59. Rb4 Qc7 60. Rb2 Nb7 61. a6 Nc5 62. Qb4 Nxa6 63. Ra2 Qd6 64. Qxd6 Rxd6 65. Kf3 Kb7 66. Rxa6 Rxa6 67. Bxa6+ Kxa6 68. Kg4 Kb5 69. Kh5 Kc4 70. Kg6 Kd4 71. Kxg7 Kxe4 72. g4 Kf3 73. g5 hxg5 74. h5 Kxf2 75. h6 e4 76. h7 e3 77. h8Q e2 78. Qf8+ Kg1 79. Qb4 Kf1 80. Qc4 e5 81. Qa6 g4 82. Qf6+ Kg2 83. Qxe5 Kf3 84. Qc3+ Kf2 85. Qd4+ 1-0

[Event "Pan American-ch Seniors 50"]
[Site "Florianopolis"]
[Date "2022.06.22"]
[Round "3"]
[White "Gauche, Charles"]
[Black "Tempone, Marcelo"]
[Result "1/2-1/2"]
[WhiteElo "2147"]
[BlackElo "2409"]
[PlyCount "94"]
[EventDate "2022.06.21"]
[EventType "swiss"]
[EventRounds "9"]
[EventCountry "BRA"]
[SourceTitle "CBM 209 Extra"]
[Source "ChessBase"]
[SourceDate "2022.09.30"]
[SourceVersion "1"]
[SourceVersionDate "2022.09.30"]
[SourceQuality "1"]

1. e4 d6 2. d4 Nf6 3. f3 d5 4. e5 Nfd7 5. f4 c5 6. c3 cxd4 7. cxd4 Nb6 8. Nf3 Nc6 9. Nc3 Bf5 10. Bd3 g6 11. Bxf5 gxf5 12. e6 h6 13. exf7+ Kxf7 14. 0-0 e6 15. g4 Rg8 16. g5 Bd6 17. Kh1 Ke7 18. Nb5 Bb8 19. b3 a6 20. Nc3 Kd7 21. Na4 Nxa4 22. bxa4 Bd6 23. gxh6 Qf6 24. h7 Rh8 25. Ng5 Rae8 26. Rb1 Kc8 27. Be3 Qg6 28. Qb3 Rxh7 29. Nxh7 Qxh7 30. Qd1 Na5 31. Qf3 Nc4 32. Rf2 Kb8 33. Rg2 Qd7 34. Bc1 Ka7 35. h4 Rh8 36. h5 Qf7 37. Rh2 Qc7 38. Qg3 Bf8 39. Rb3 Bg7 40. Rd3 Nd6 41. Qe1 Ne4 42. Rdh3 Bh6 43. Rf3 Rg8 44. Rg2 Rg4 45. a5 Qe7 46. Rb3 Qg7 47. Qb4 Rxg2 1/2-1/2

[Event "Buenos Aires Borges Memorial"]
[Site "Buenos Aires"]
[Date "2020.03.09"]
[Round "4"]
[White "Kapitanchuk, Tomas"]
[Black "Tempone, Marcelo"]
[Result "1-0"]
[WhiteElo "2344"]
[BlackElo "2418"]
[PlyCount "141"]
[EventDate "2020.03.06"]
[EventType "tourn"]
[EventRounds "9"]
[EventCountry "ARG"]
[SourceTitle "CBM 195 Extra"]
[Source "ChessBase"]
[SourceDate "2020.05.31"]
[SourceVersion "1"]
[SourceVersionDate "2020.05.31"]
[SourceQuality "1"]

1. e4 e5 2. Nf3 Nf6 3. Nxe5 d6 4. Nf3 Nxe4 5. Nc3 Nf6 6. d4 Be7 7. h3 Bf5 8. Bf4 c6 9. Bd3 Bxd3 10. Qxd3 Na6 11. 0-0 0-0 12. a3 Nc7 13. b3 Re8 14. Ne2 Ne6 15. c4 d5 16. Be5 Ne4 17. c5 Bf6 18. b4 a6 19. Nh2 Be7 20. f3 Nf6 21. f4 Ne4 22. f5 Nf8 23. Ng3 Nd7 24. Ng4 Bg5 25. Rae1 Nxe5 26. dxe5 Nxg3 27. Qxg3 Bh4 28. Qf3 Bxe1 29. f6 g6 30. Qf4 Re6 31. Nh6+ Kf8 32. Rxe1 Ke8 33. Qg5 Qd7 34. Nf5 Kd8 35. Nd6 Kc7 36. a4 Rae8 37. Nxe8+ Rxe8 38. Qf4 Qf5 39. Qd4 g5 40. b5 Qf4 41. Qb2 Qc4 42. bxc6 Qxc5+ 43. Kh1 bxc6 44. Rb1 Kd7 45. Rc1 Rb8 46. Qd2 Qa3 47. Qxg5 Rg8 48. Qf5+ Kc7 49. Qc2 c5 50. Rd1 Qe3 51. Qxh7 Rd8 52. Qxf7+ Rd7 53. Qf8 c4 54. Rb1 Rd8 55. Qe7+ Rd7 56. Qb4 Kc6 57. e6 Rh7 58. Qb8 c3 59. Qc8+ Kd6 60. Qb8+ Kc6 61. e7 Rxh3+ 62. gxh3 Qf3+ 63. Kg1 Qe3+ 64. Kg2 Qd2+ 65. Kg3 Qg5+ 66. Kf3 Qxf6+ 67. Qf4 Qxe7 68. Qh6+ Kc5 69. Qb6+ Kc4 70. Qxa6+ Kd4 71. Rd1+ 1-0

[Event "ARG-ch Seniors 50"]
[Site "Coronel Pringles"]
[Date "2019.12.14"]
[Round "3.2"]
[White "Tempone, Marcelo"]
[Black "Mussanti, Diego"]
[Result "1-0"]
[WhiteElo "2410"]
[BlackElo "2317"]
[PlyCount "81"]
[EventDate "2019.12.13"]
[EventType "swiss"]
[EventRounds "7"]
[EventCountry "ARG"]
[SourceTitle "EXT 2024"]
[Source "ChessBase"]
[SourceDate "2023.10.10"]
[SourceVersion "1"]
[SourceVersionDate "2023.10.10"]
[SourceQuality "1"]

1. c4 e5 2. g3 Nc6 3. Bg2 g6 4. Nc3 Bg7 5. e4 d6 6. Nge2 Be6 7. d3 Qd7 8. Nd5 Nd8 9. h3 c6 10. Ne3 Ne7 11. d4 f5 12. d5 cxd5 13. exf5 Nxf5 14. Nxd5 Nc6 15. 0-0 0-0 16. Kh2 Ncd4 17. Nxd4 Nxd4 18. Be3 Kh8 19. Bxd4 exd4 20. Qd2 Bxd5 21. Bxd5 Rae8 22. Rae1 b6 23. Kg2 Qf5 24. b3 g5 25. Rxe8 Rxe8 26. Re1 Re5 27. Rxe5 Bxe5 28. Qe2 Kg7 29. Be4 Qe6 30. Bd3 Qf7 31. Qe4 Kh8 32. h4 h6 33. Qg4 gxh4 34. Qxh4 Kg7 35. Qg4+ Kf8 36. Be4 Qg7 37. Qc8+ Kf7 38. f4 Bf6 39. Qc7+ Kf8 40. Qb8+ Ke7 41. Qxa7+ 1-0

[Event "Buenos Aires Szmetan/Giardelli-B"]
[Site "Buenos Aires"]
[Date "2019.12.08"]
[Round "8"]
[White "Tempone, Marcelo"]
[Black "Coro, Lucas"]
[Result "1/2-1/2"]
[WhiteElo "2410"]
[BlackElo "2344"]
[PlyCount "105"]
[EventDate "2019.12.01"]
[EventType "tourn"]
[EventRounds "11"]
[EventCountry "ARG"]
[EventCategory "7"]
[SourceTitle "CBM 193 Extra"]
[Source "ChessBase"]
[SourceDate "2020.01.31"]
[SourceVersion "1"]
[SourceVersionDate "2020.01.31"]
[SourceQuality "1"]

1. Nf3 Nf6 2. c4 g6 3. g3 Bg7 4. Bg2 0-0 5. 0-0 d5 6. cxd5 Nxd5 7. Nc3 Nb6 8. d3 Nc6 9. Be3 e5 10. Qd2 Qe7 11. Bh6 Rd8 12. Bxg7 Kxg7 13. Rac1 Rb8 14. b3 Bg4 15. Qb2 f6 16. Rfe1 Bxf3 17. Bxf3 Nd4 18. Bg2 c6 19. Ne4 Nd5 20. a3 a5 21. Nd2 c5 22. h4 b6 23. Nc4 Qf7 24. Nd2 Qa7 25. e3 Nc6 26. Ne4 Nde7 27. Red1 Qd7 28. Qc2 f5 29. Nc3 Qe6 30. Ne2 Qf6 31. Qc4 h6 32. b4 axb4 33. axb4 Nxb4 34. d4 Qf7 35. Qb5 e4 36. dxc5 Nd3 37. c6 Nxc1 38. Rxc1 Rdc8 39. Nd4 Qd5 40. Bf1 Qxb5 41. Bxb5 Kf6 42. Rb1 Nd5 43. Ba6 Rc7 44. Bb7 Rbxb7 45. cxb7 Rxb7 46. Rb5 Nc7 47. Rb2 b5 48. Rc2 b4 49. Rc6+ Kf7 50. h5 gxh5 51. Rxh6 b3 52. Nxb3 Rxb3 53. Rh7+ 1/2-1/2

[Event "Buenos Aires Szmetan/Giardelli-B"]
[Site "Buenos Aires"]
[Date "2019.12.06"]
[Round "6"]
[White "Tempone, Marcelo"]
[Black "Saldano Dayer, Horacio"]
[Result "1/2-1/2"]
[WhiteElo "2410"]
[BlackElo "2412"]
[PlyCount "32"]
[EventDate "2019.12.01"]
[EventType "tourn"]
[EventRounds "11"]
[EventCountry "ARG"]
[EventCategory "7"]
[SourceTitle "CBM 193 Extra"]
[Source "ChessBase"]
[SourceDate "2020.01.31"]
[SourceVersion "1"]
[SourceVersionDate "2020.01.31"]
[SourceQuality "1"]

1. d4 Nf6 2. Nf3 c6 3. c4 g6 4. g3 Bg7 5. Bg2 0-0 6. 0-0 d6 7. b3 Qa5 8. Qd2 Qa6 9. Nc3 b5 10. cxb5 cxb5 11. Qd3 Bd7 12. Ne1 Bc6 13. Bb2 Bxg2 14. Nxg2 b4 15. Qxa6 Nxa6 16. Na4 Rfc8 1/2-1/2

[Event "Buenos Aires Szmetan/Giardelli-B"]
[Site "Buenos Aires"]
[Date "2019.12.04"]
[Round "4"]
[White "Tempone, Marcelo"]
[Black "Villanueva, Mario Nicolas"]
[Result "1/2-1/2"]
[WhiteElo "2410"]
[BlackElo "2486"]
[PlyCount "25"]
[EventDate "2019.12.01"]
[EventType "tourn"]
[EventRounds "11"]
[EventCountry "ARG"]
[EventCategory "7"]
[SourceTitle "CBM 193 Extra"]
[Source "ChessBase"]
[SourceDate "2020.01.31"]
[SourceVersion "1"]
[SourceVersionDate "2020.01.31"]
[SourceQuality "1"]

1. d4 e6 2. Nf3 Nf6 3. c4 b6 4. g3 Bb7 5. Bg2 Bb4+ 6. Bd2 a5 7. 0-0 0-0 8. Nc3 Ne4 9. Nxe4 Bxe4 10. Rc1 Be7 11. Ne1 Bxg2 12. Nxg2 d6 13. e4 1/2-1/2

[Event "Santiago del Estero"]
[Site "Santiago del Estero"]
[Date "2019.10.11"]
[Round "2"]
[White "Tempone, Marcelo"]
[Black "Varela, Gaston"]
[Result "1/2-1/2"]
[WhiteElo "2409"]
[BlackElo "2389"]
[PlyCount "25"]
[EventDate "2019.10.10"]
[EventType "tourn"]
[EventRounds "9"]
[EventCountry "ARG"]
[EventCategory "3"]
[SourceTitle "CBM 192 Extra"]
[Source "Chessbase"]
[SourceDate "2019.11.06"]
[SourceVersion "1"]
[SourceVersionDate "2019.11.06"]
[SourceQuality "1"]

1. c4 c5 2. g3 Nf6 3. Bg2 g6 4. Nf3 Nc6 5. 0-0 d6 6. d4 cxd4 7. Nxd4 Bd7 8. b3 Bg7 9. Bb2 Nxd4 10. Qxd4 Bc6 11. Nc3 0-0 12. Qe3 Re8 13. Rfd1 1/2-1/2

[Event "Trelew op"]
[Site "Trelew"]
[Date "2019.08.18"]
[Round "5"]
[White "Arias, Juan Cruz"]
[Black "Tempone, Marcelo"]
[Result "1/2-1/2"]
[WhiteElo "2237"]
[BlackElo "2409"]
[PlyCount "23"]
[EventDate "2019.08.16"]
[EventType "swiss"]
[EventRounds "7"]
[EventCountry "ARG"]
[SourceTitle "EXT 2020"]
[Source "ChessBase"]
[SourceDate "2019.10.17"]
[SourceVersion "1"]
[SourceVersionDate "2019.10.17"]
[SourceQuality "1"]

1. d4 d5 2. c4 e6 3. Nc3 Be7 4. cxd5 exd5 5. Nf3 c6 6. Qc2 Bg4 7. Bf4 Nd7 8. e3 Bh5 9. Bd3 Bg6 10. 0-0 Ngf6 11. Rab1 0-0 12. b4 1/2-1/2

[Event "Buenos Aires Szmetan Giardelli op"]
[Site "Buenos Aires"]
[Date "2018.12.07"]
[Round "4"]
[White "Hungaski, Robert Andrew"]
[Black "Tempone, Marcelo"]
[Result "1/2-1/2"]
[WhiteElo "2528"]
[BlackElo "2387"]
[PlyCount "42"]
[EventDate "2018.12.04"]
[EventType "swiss"]
[EventRounds "9"]
[EventCountry "ARG"]
[SourceTitle "CBM 187 Extra"]
[Source "ChessBase"]
[SourceDate "2018.11.04"]
[SourceVersion "1"]
[SourceVersionDate "2018.11.04"]
[SourceQuality "1"]

1. e4 e5 2. Nf3 Nf6 3. Nxe5 d6 4. Nf3 Nxe4 5. Nc3 Nf6 6. d4 Be7 7. Bd3 Bg4 8. h3 Bh5 9. Bf4 c6 10. g4 Bg6 11. Qd2 Bxd3 12. Qxd3 Na6 13. a3 Nc7 14. Ne2 Ne6 15. Bd2 g6 16. 0-0-0 Qc7 17. g5 Nd5 18. c4 Nb6 19. Nf4 Nxf4 20. Bxf4 Qd7 21. b3 0-0 1/2-1/2